Islam in a globalizing world (Record no. 590527)

000 -LEADER
fixed length control field 01619cam a22003854a 4500
001 - CONTROL NUMBER
control field 13053043
003 - CONTROL NUMBER IDENTIFIER
control field NUST
005 - DATE AND TIME OF LATEST TRANSACTION
control field 20220723152630.0
008 - FIXED-LENGTH DATA ELEMENTS--GENERAL INFORMATION
fixed length control field 030109s2003 caub b 001 0 eng
010 ## - LIBRARY OF CONGRESS CONTROL NUMBER
LC control number 2003000526
020 ## - INTERNATIONAL STANDARD BOOK NUMBER
International Standard Book Number 080474811X (cloth : alk. paper)
020 ## - INTERNATIONAL STANDARD BOOK NUMBER
International Standard Book Number 0804748330 (pbk. : alk. paper)
038 ## - RECORD CONTENT LICENSOR
Staff Name Azhar
040 ## - CATALOGING SOURCE
Original cataloging agency DLC
Transcribing agency DLC
Modifying agency DLC
042 ## - AUTHENTICATION CODE
Authentication code pcc
050 00 - LIBRARY OF CONGRESS CALL NUMBER
Classification number BP50
Item number .S56 2003
082 00 - DEWEY DECIMAL CLASSIFICATION NUMBER
Classification number 297.09
Edition number 21
Author Mark SIM
100 1# - MAIN ENTRY--PERSONAL NAME
Personal name Simons, Thomas W.
9 (RLIN) 94644
245 10 - TITLE STATEMENT
Title Islam in a globalizing world
Statement of responsibility, etc. Thomas W. Simons, Jr.
260 ## - PUBLICATION, DISTRIBUTION, ETC.
Place of publication, distribution, etc. Stanford, Calif. :
Name of publisher, distributor, etc. Stanford University Press,
Date of publication, distribution, etc. 2003.
300 ## - PHYSICAL DESCRIPTION
Extent xi, 111 p. :
Other physical details map ;
Dimensions 21 cm.
504 ## - BIBLIOGRAPHY, ETC. NOTE
Bibliography, etc. note Includes bibliographical references (p. 71-104) and index.
505 0# - FORMATTED CONTENTS NOTE
Formatted contents note The first 1,000 years : Islam as globalizer -- Islam and globalization by blood and iron -- Comparative radicalisms, 1870-1970 -- Political and other Islams in IT-led globalization.
563 ## - BINDING INFORMATION
Binding note PB
650 #0 - SUBJECT ADDED ENTRY--TOPICAL TERM
Topical term or geographic name entry element Islam
General subdivision History.
9 (RLIN) 6120
650 #0 - SUBJECT ADDED ENTRY--TOPICAL TERM
Topical term or geographic name entry element Islam and politics
General subdivision History.
9 (RLIN) 94645
650 #0 - SUBJECT ADDED ENTRY--TOPICAL TERM
Topical term or geographic name entry element Islamic fundamentalism
General subdivision History.
9 (RLIN) 10929
650 #0 - SUBJECT ADDED ENTRY--TOPICAL TERM
Topical term or geographic name entry element Islam
Chronological subdivision 21st century.
9 (RLIN) 13163
650 #0 - SUBJECT ADDED ENTRY--TOPICAL TERM
Topical term or geographic name entry element Globalization
General subdivision Religious aspects
-- Islam.
9 (RLIN) 10141
856 42 - ELECTRONIC LOCATION AND ACCESS
Materials specified Contributor biographical information
Uniform Resource Identifier <a href="http://www.loc.gov/catdir/enhancements/fy0710/2003000526-b.html">http://www.loc.gov/catdir/enhancements/fy0710/2003000526-b.html</a>
856 42 - ELECTRONIC LOCATION AND ACCESS
Materials specified Publisher description
Uniform Resource Identifier <a href="http://www.loc.gov/catdir/enhancements/fy0710/2003000526-d.html">http://www.loc.gov/catdir/enhancements/fy0710/2003000526-d.html</a>
906 ## - LOCAL DATA ELEMENT F, LDF (RLIN)
a 7
b cbc
c orignew
d 1
e ecip
f 20
g y-gencatlg
942 ## - ADDED ENTRY ELEMENTS (KOHA)
Source of classification or shelving scheme
Koha item type Lincoln Corner
Holdings
Withdrawn status Lost status Source of classification or shelving scheme Damaged status Not for loan Permanent Location Current Location Shelving location Date acquired Full call number Barcode Date last seen Price effective from Koha item type
          Central Library (CL) Central Library (CL) Lincoln Corner 07/23/2022 297.09 SIM LC-4 07/23/2022 07/23/2022 Reference
© 2023 Central Library, National University of Sciences and Technology. All Rights Reserved.